Marki Samochodów - Statystyki

Ogólne statystyki
  • Ten quiz został rozwiązany 184 razy
  • Średni wynik to 29 z 39
Statystyki odpowiedzi
Obrazkowy Odpowiedź % Poprawnych
Ford
97%
Honda
97%
Audi
96%
BMW
96%
Opel
95%
Skoda
95%
Mercedes
93%
Citroen
92%
Mazda
91%
Volkswagen
91%
Jaguar
90%
Ferrari
89%
Hyundai
89%
Seat
88%
Lamborghini
87%
Fiat
86%
Tesla
86%
Chevrolet
85%
Peugeot
85%
Porsche
85%
Suzuki
85%
Volvo
85%
Nissan
84%
Bentley
83%
Lexus
83%
Alfa Romeo
81%
Subaru
81%
Mitsubishi
79%
Mini
72%
Dodge
67%
Maserati
58%
Mustang
54%
Infiniti
53%
Corvette
41%
Acura
32%
Cadilac
29%
Buick
23%
Lincoln
18%
Scion
7%
Nie znaleziono quizów pasujących do podanych kryteriów
Rozkład punktacji
Procent ludzi z każdym wynikiem
Percentyl według liczby udzielonych odpowiedzi
Twoja historia wyników
Nie rozwiązałeś tego quizu